000
00299cas a22001215i 4500
022
_a
2226-969X
040
_c
DLC
082
_a
193 CBC 2015 A002 Or.
245
0
0
_a
Cambodian journal of natural history.
300
_a
volumes ;
_c
28 cm
710
2
_a
Centre for Biodiversity Conservation,
942
_c
EK
999
_c
16227
_d
16227